00505nam a2200181 a 4500008004100000020001500041050001700056100002300073245005100096250001200147260004000159300002400199350000900223500001800232650001800250650003000268650002500298120416s1999 ||||||||||||||||| || u a0471987719 aTA 656.5 Mel aMelchers, Robert E10aStructural reliability analysis and prediction a2nd ed. aNew YorkbJohn Wiley and Sonsc1999 axviii, 437p. : ill. a0.00 aBibliography. 0aPROBABILITIES aRELIABILITY (ENGINEERING) aSTRUCTURAL STABILITY